Delta Force die hard / (Record no. 31198)

MARC details
000 -LEADER
fixed length control field 00528nam a22002057a 4500
001 - CONTROL NUMBER
control field sjds
003 - CONTROL NUMBER IDENTIFIER
control field sjds
005 - DATE AND TIME OF LATEST TRANSACTION
control field 20251119114226.0
008 - FIXED-LENGTH DATA ELEMENTS--GENERAL INFORMATION
fixed length control field 251119b |||||||| |||| 00| 0 eng d
020 ## - INTERNATIONAL STANDARD BOOK NUMBER
International Standard Book Number 9781335640604
020 ## - INTERNATIONAL STANDARD BOOK NUMBER
International Standard Book Number 1335640606
040 ## - CATALOGING SOURCE
Transcribing agency sjds
041 ## - LANGUAGE CODE
Language code of text/sound track or separate title eng
100 ## - MAIN ENTRY--PERSONAL NAME
Personal name Ericson, Carol
245 ## - TITLE STATEMENT
Title Delta Force die hard /
Statement of responsibility, etc. Carol Ericson
260 ## - PUBLICATION, DISTRIBUTION, ETC. (IMPRINT)
Place of publication, distribution, etc. Toronto, Ontario :
Name of publisher, distributor, etc. Harlequin Enterprises Limited,
Date of publication, distribution, etc. 2018
300 ## - PHYSICAL DESCRIPTION
Extent 283 pages ;
Dimensions 17 cm
440 ## - SERIES STATEMENT/ADDED ENTRY--TITLE
Title Harlequin intrigue,
Number of part/section of a work 1830
942 ## - ADDED ENTRY ELEMENTS (KOHA)
Koha item type Libro/Book
Holdings
Withdrawn status Lost status Damaged status Not for loan Home library Current library Shelving location Date acquired Total Checkouts Full call number Barcode Date last seen Price effective from Koha item type
        San Juan Del Sur -- Biblioteca San Juan Del Sur -- Biblioteca English 19/11/2025   F ERI 30023543 19/11/2025 19/11/2025 Libro/Book

Powered by Koha